000
00412pam a2200121 a 4500
020
_c
041
_a
eng
100
_a
अरविंद सदाशिव गोडबोले.
245
_a
हिंदुत्व विचार आक्षेप आणि वास्तव
_h
Textual Documents
260
_a
[s.l]:
_b
भारतीय विचार साधना
300
_a
255p.
930
_a
15573
999
_c
92473
_d
92473